Statistiche per Libri della Bibbia

Clicka qui per fare il quiz!

Statistiche generali

  • Questo quiz è stato fatto 470 volte
  • Il punteggio medio è 28 su 73

Statistiche sulle risposte

Libri% Corretto
Genesi
95%
Vangelo di Giovanni
85%
Vangelo di Luca
85%
Vangelo di Matteo
84%
Deuteronomio
83%
Vangelo di Marco
83%
Esodo
80%
Apocalisse
79%
Numeri
75%
Levitico
69%
Isaia
65%
Atti degli Apostoli
63%
Salmi
58%
Ezechiele
53%
Lettera di Paolo ai Romani
52%
Geremia
51%
Cantico dei Cantici
47%
Proverbi
46%
Giobbe
45%
Primo libro dei Re
45%
Secondo libro dei Re
45%
Giosuè
44%
Daniele
41%
Giudici
41%
Rut
41%
Qoèlet (o Ecclesiaste)
40%
Ester
39%
Giona
39%
Primo libro di Samuele
38%
Secondo libro di Samuele
38%
Lettera di Paolo agli Efesini
35%
Zaccaria
35%
Malachia
34%
Prima lettera di Paolo ai Corinzi
32%
Primo libro delle Cronache
32%
Secondo libro delle Cronache
32%
Gioele
31%
Osea
31%
Abacuc
30%
Esdra
29%
Giuda
29%
Lettera di Paolo ai Galati
29%
Neemia
29%
Sapienza
29%
Amos
28%
Lamentazioni
28%
Lettera di Paolo ai Filippesi
28%
Seconda lettera di Paolo ai Corinzi
28%
Giuditta
27%
Lettera agli Ebrei
27%
Siracide
27%
Primo libro dei Maccabei
25%
Secondo libro dei Maccabei
25%
Lettera di Paolo ai Colossesi
24%
Tobia
24%
Lettera di Paolo a Tito
22%
Michea
22%
Prima lettera di Paolo ai Tessalonicesi
22%
Prima lettera di Pietro
22%
Sofonia
22%
Baruc
21%
Naum
21%
Prima lettera di Giovanni
21%
Seconda lettera di Giovanni
21%
Seconda lettera di Paolo ai Tessalonicesi
21%
Seconda lettera di Pietro
21%
Lettera di Giacomo
20%
Abdia
19%
Aggeo
18%
Terza lettera di Giovanni
18%
Prima lettera di Paolo a Timoteo
16%
Seconda lettera di Paolo a Timoteo
16%
Lettera di Paolo a Filemone
12%

Distribuzione punteggi

Percentile per numero di risposta

Percentuale di utenti per punteggio

I tuoi punteggi nel tempo

Non hai fatto questo quiz